Analyzing the Risk of Entrepreneurship in Tourist Traffic

Analýza potenciálnych hrozieb pre spoločnosti, pôsobiace v cestovnom ruchu - terorizmus, zemetrasenia a letecké nehody. Využitie štatistických ekonometrických modelov, ktoré pomáhajú určiť rozhodujúce faktory, ovplyvňujúce podnikanie v odvetví cestovného ruchu.

Na minha lista:
Detalhes bibliográficos
Autor principal: Weiss, Roland, 1984-
Outros Autores: Zuzik, Jozef, 1985-, Weiss, Erik, 1979-, Labant, Slavomír, Gergeľová, Marcela
Formato: Capítulo de Livro
Idioma:inglês
Assuntos:
Tags: Adicionar Tag
Sem tags, seja o primeiro a adicionar uma tag!

MARC

LEADER 00000naa a2200000 4500
001 0281083
005 20240502083902.6
041 0 |a eng 
044 |a UA 
245 1 0 |a Analyzing the Risk of Entrepreneurship in Tourist Traffic  |c Roland Weiss, Jozef Zuzik, Erik Weiss, Slavomír Labant, Marcela Gergeľová 
520 |a Analýza potenciálnych hrozieb pre spoločnosti, pôsobiace v cestovnom ruchu - terorizmus, zemetrasenia a letecké nehody. Využitie štatistických ekonometrických modelov, ktoré pomáhajú určiť rozhodujúce faktory, ovplyvňujúce podnikanie v odvetví cestovného ruchu. 
610 2 0 |a podnikanie 
610 2 0 |a riziko 
610 2 0 |a ruch cestovný 
610 2 0 |a modely ekonometrické 
610 2 0 |a modely štatistické 
100 1 |a Weiss, Roland, 1984- 
700 1 |a Zuzik, Jozef, 1985- 
700 1 |a Weiss, Erik, 1979- 
700 1 |a Labant, Slavomír 
700 1 |a Gergeľová, Marcela